[Event "C.to Cittadino La Lupa"]
[Site "Roma ITA"]
[Date "2011.05.05"]
[Round "1"]
[White "Arceri, Paolo"]
[Black "Castellano, Lorenzo"]
[Result "1/2-1/2"]
[WhiteElo "1470"]
[BlackElo "1871"]
[PlyCount "60"]
[EventDate "2011.05.05"]

1. e4 Nf6 2. e5 Nd5 3. d4 d6 4. c4 Nb6 5. f4 dxe5 6. fxe5 c5 7. d5 e6 8. Nc3
exd5 9. cxd5 c4 10. Nf3 Bb4 11. Qd4 Qxd5 12. Bd2 Qxd4 13. Nxd4 O-O 14. a4 a6
15. a5 N6d7 16. e6 fxe6 17. Bxc4 Nc5 18. O-O-O Bxa5 19. Rde1 Re8 20. Re5 b5 21.
Rxc5 Bxc3 22. Bxe6+ Bxe6 23. Bxc3 Nd7 24. Rc7 Nf6 25. Nc6 Bf7 26. Rf1 Bc4 27.
Bxf6 Bxf1 28. Rxg7+ Kf8 29. Ne5 Rxe5 30. Bxe5 Bd3 1/2-1/2

[Event "C.to Cittadino La Lupa"]
[Site "Roma ITA"]
[Date "2011.05.05"]
[Round "1"]
[White "Cannavo', Giuseppe"]
[Black "Sacco, Davide"]
[Result "0-1"]
[WhiteElo "1272"]
[BlackElo "1624"]
[PlyCount "140"]
[EventDate "2011.05.05"]

1. e4 c5 2. c4 e6 3. Nf3 Qc7 4. d4 cxd4 5. Qxd4 Nc6 6. Qd3 Nf6 7. Nc3 a6 8. h3
Be7 9. Qe3 d6 10. Bd3 O-O 11. O-O Rb8 12. a3 Rd8 13. Qf4 Ne5 14. Nxe5 dxe5 15.
Qg3 Kh8 16. Qf3 Bd7 17. b3 b5 18. Rd1 Be8 19. Bb2 bxc4 20. Bxc4 Bb5 21. Nxb5
axb5 22. Bd3 Rb7 23. b4 Qb8 24. Qe2 Ne8 25. Qh5 Bf6 26. Qf3 Rdd7 27. Qe2 Nd6
28. Rac1 Rdc7 29. Rxc7 Rxc7 30. Rc1 Rxc1+ 31. Bxc1 Be7 32. Bb2 f6 33. Qg4 Qc8
34. Qe2 Qc6 35. Qg4 Qd7 36. Qe2 Bf8 37. f3 g6 38. Qf2 Bg7 39. f4 exf4 40. Qxf4
e5 41. Qe3 Kg8 42. Kh1 Kf7 43. Qf3 Qe6 44. Qe3 Qd7 45. Qg3 Ke7 46. Qg4 Qa7 47.
Qh4 h6 48. Bxe5 g5 49. Bxd6+ Kxd6 50. Qg3+ Kc6 51. Be2 Qd4 52. Qd3 Qxd3 53.
Bxd3 Bf8 54. Be2 Bd6 55. Bf3 Kb6 56. Kg1 Be5 57. Be2 Bb2 58. Bxb5 Kxb5 59. Kf2
Bxa3 60. Ke3 Bxb4 61. Kd4 Bd6 62. Kd5 Be5 63. Ke6 Kc5 64. Kf5 Kd4 65. g4 Ke3
66. Kg6 Kxe4 67. Kxh6 Kf4 68. Kh5 Kg3 69. Kg6 Kxh3 70. Kf5 Kg3 0-1

[Event "C.to Cittadino La Lupa"]
[Site "Roma ITA"]
[Date "2011.05.05"]
[Round "1"]
[White "Crucioli, Marco"]
[Black "Quimi, Marco"]
[Result "0-1"]
[WhiteElo "1616"]
[BlackElo "2160"]
[PlyCount "56"]
[EventDate "2011.05.05"]

1. e4 c5 2. d3 Nc6 3. Ne2 g6 4. Ng3 Bg7 5. c3 Nf6 6. Be2 h5 7. O-O h4 8. Nh1 d6
9. Bg5 Qb6 10. b3 Be6 11. Nd2 h3 12. g3 Rd8 13. Nc4 Qc7 14. Rc1 d5 15. Bf4 Qc8
16. exd5 Bxd5 17. Qe1 O-O 18. f3 b5 19. Nd2 Be6 20. g4 Nd5 21. Bg3 Nxc3 22. Rc2
Nxe2+ 23. Qxe2 Nb4 24. Ne4 Nxc2 25. Qxc2 c4 26. dxc4 bxc4 27. bxc4 Qxc4 28.
Qxc4 Bxc4 0-1

[Event "C.to Cittadino La Lupa"]
[Site "Roma ITA"]
[Date "2011.05.05"]
[Round "1"]
[White "Di Carlo, Adriano"]
[Black "Bizzarro, Sofia"]
[Result "1-0"]
[WhiteElo "1713"]
[BlackElo "1384"]
[PlyCount "63"]
[EventDate "2011.05.05"]

1. e4 c5 2. c3 Nc6 3. Nf3 e5 4. Bc4 Nf6 5. Ng5 d5 6. exd5 Na5 7. Bb5+ Bd7 8.
Qe2 Bd6 9. d4 cxd4 10. b4 h6 11. Nf3 Nxd5 12. bxa5 Qxa5 13. Bxd7+ Kxd7 14. O-O
Nxc3 15. Nxc3 Qxc3 16. Bd2 Qc5 17. Rab1 b6 18. Rb5 Qc7 19. Nxe5+ Bxe5 20. Rxe5
Rhe8 21. Rd5+ Kc8 22. Qxe8+ Kb7 23. Qe4 Ka6 24. Qxd4 Qc6 25. Rc1 Qe8 26. Qc4+
Kb7 27. Qc7+ Ka6 28. Rc4 f6 29. Ra5+ bxa5 30. Rc6+ Kb5 31. Qb7+ Ka4 32. Qb3#
1-0

[Event "C.to Cittadino La Lupa"]
[Site "Roma ITA"]
[Date "2011.05.05"]
[Round "1"]
[White "Dorascenzi, Angelo"]
[Black "Bolla, Vittorio"]
[Result "0-1"]
[WhiteElo "1395"]
[BlackElo "1771"]
[PlyCount "60"]
[EventDate "2011.05.05"]

1. e4 e6 2. d3 d5 3. Nd2 c5 4. g3 Nc6 5. Bg2 g6 6. Ngf3 Bg7 7. O-O Nf6 8. Re1
O-O 9. Nb3 b6 10. Bg5 h6 11. Bxf6 Bxf6 12. e5 Bg7 13. c3 Bb7 14. a3 c4 15. dxc4
dxc4 16. Nbd4 Qc7 17. Qe2 Nxd4 18. Nxd4 Bxg2 19. Kxg2 Rfd8 20. Kg1 Rd5 21. Nf3
Rad8 22. Qe4 Rc5 23. Rad1 Rxd1 24. Rxd1 Bxe5 25. Qa8+ Kg7 26. Rd8 Bf6 27. Rg8+
Kh7 28. Qe8 Rd5 29. Qf8 Rd8 30. Qxf7+ Qxf7 0-1

[Event "C.to Cittadino La Lupa"]
[Site "Roma ITA"]
[Date "2011.05.05"]
[Round "1"]
[White "Mastrantonio, Giuseppe"]
[Black "Nazzarri, Errico"]
[Result "1-0"]
[WhiteElo "1705"]
[BlackElo "1329"]
[PlyCount "51"]
[EventDate "2011.05.05"]

1. e4 e5 2. Nf3 Nf6 3. Nc3 Nc6 4. Bc4 Be7 5. d4 O-O 6. dxe5 Ng4 7. Bf4 d6 8.
exd6 cxd6 9. h3 Nf6 10. O-O Be6 11. Qe2 Rc8 12. Rad1 Bxc4 13. Qxc4 Na5 14. Qe2
Nc4 15. Na4 b5 16. Rd4 d5 17. Rfd1 Nxe4 18. Rxd5 Ned6 19. Bxd6 Nxd6 20. Nc3 b4
21. Nb5 Rc6 22. Nxa7 Rb6 23. Ne5 Qc7 24. Nec6 Ra8 25. Rxd6 Kf8 26. Rd7 1-0

[Event "C.to Cittadino La Lupa"]
[Site "Roma ITA"]
[Date "2011.05.05"]
[Round "1"]
[White "Piperno, Renato"]
[Black "Andreozzi, Paolo"]
[Result "0-1"]
[WhiteElo "1374"]
[BlackElo "1713"]
[PlyCount "88"]
[EventDate "2011.05.05"]

1. e4 c5 2. Nf3 e6 3. c3 Nc6 4. d4 cxd4 5. cxd4 d6 6. Be2 Nf6 7. Nc3 a6 8. d5
exd5 9. exd5 Ne5 10. Bg5 Be7 11. O-O O-O 12. Re1 Nxf3+ 13. Bxf3 Bf5 14. Ne2
Nxd5 15. Bxe7 Nxe7 16. Nf4 Rb8 17. Qb3 b5 18. Nd5 Ng6 19. Be4 Qd7 20. Bxf5 Qxf5
21. Rac1 Qg5 22. g3 a5 23. Rc6 a4 24. Qf3 Ne5 25. Rxe5 Qxe5 26. Nc3 Rfc8 27.
Rxc8+ Rxc8 28. Qb7 Qc5 29. Nxb5 Qc1+ 30. Kg2 Qc6+ 31. Qxc6 Rxc6 32. Nc3 a3 33.
Na4 Rc2 34. bxa3 Rxa2 35. Nb6 Rxa3 36. Nc4 Rd3 37. Ne3 Rxe3 38. fxe3 f5 39. Kf3
Kf7 40. e4 Ke6 41. exf5+ Kxf5 42. Ke3 Ke5 43. h3 g5 44. g4 h6 0-1

[Event "C.to Cittadino La Lupa"]
[Site "Roma ITA"]
[Date "2011.05.05"]
[Round "1"]
[White "Prudenzano, Ruggero"]
[Black "Marelli, Emanuele"]
[Result "1/2-1/2"]
[WhiteElo "1928"]
[BlackElo "1610"]
[PlyCount "60"]
[EventDate "2011.05.05"]

1. e4 c5 2. f4 e6 3. Nf3 a6 4. c3 d5 5. exd5 Qxd5 6. d4 cxd4 7. Qxd4 Nf6 8.
Qxd5 Nxd5 9. Bc4 Nb6 10. Bb3 Nc6 11. Be3 Nd7 12. Nbd2 Be7 13. Ne4 Na5 14. Rd1
Nxb3 15. axb3 O-O 16. Nd6 Rd8 17. Ng5 Bxg5 18. fxg5 Ne5 19. O-O b5 20. Bc5 Rd7
21. Rfe1 f6 22. gxf6 gxf6 23. Re3 Bb7 24. Rg3+ Kh8 25. Rd4 Rg8 26. Rxg8+ Kxg8
27. Ne8 Rf7 28. Rd8 Nc6 29. Nxf6+ Kg7 30. Ne8+ Kg6 1/2-1/2

[Event "C.to Cittadino La Lupa"]
[Site "Roma ITA"]
[Date "2011.05.05"]
[Round "1"]
[White "Ricci, Stefano"]
[Black "Tamburrini, Andrea"]
[Result "1-0"]
[WhiteElo "1873"]
[BlackElo "1472"]
[PlyCount "67"]
[EventDate "2011.05.05"]

1. e4 e5 2. Nf3 Nc6 3. Bc4 Nf6 4. Nc3 Bb4 5. d3 O-O 6. O-O Bxc3 7. bxc3 d6 8.
h3 Na5 9. Bb3 Nxb3 10. cxb3 Re8 11. Bg5 h6 12. Bh4 d5 13. exd5 Qxd5 14. Bxf6
gxf6 15. Qd2 Kh7 16. d4 e4 17. c4 Qh5 18. Nh2 Bxh3 19. gxh3 Rg8+ 20. Kh1 Qxh3
21. Rg1 Rg5 22. Qf4 Rag8 23. Rxg5 Rxg5 24. Qxe4+ f5 25. Qf3 Qh4 26. Rg1 Qe4 27.
Rxg5 hxg5 28. d5 Kg6 29. Qxe4 fxe4 30. Ng4 f6 31. c5 Kf5 32. d6 cxd6 33. cxd6
Ke6 34. d7 1-0

[Event "C.to Cittadino La Lupa"]
[Site "Roma ITA"]
[Date "2011.05.05"]
[Round "1"]
[White "Romano, Marco Motraz"]
[Black "Milani, Patrizia"]
[Result "1-0"]
[WhiteElo "1861"]
[BlackElo "1452"]
[PlyCount "45"]
[EventDate "2011.05.05"]

1. e4 e5 2. Nf3 Nc6 3. Bb5 a6 4. Ba4 b5 5. Bb3 Nf6 6. d3 h6 7. c3 Be7 8. Nbd2
O-O 9. Nf1 d5 10. Ng3 Bg4 11. O-O dxe4 12. dxe4 Bc5 13. h3 Bc8 14. Qe2 Bb7 15.
Rd1 Qe7 16. Nf5 Qe8 17. Nxh6+ gxh6 18. Bxh6 Kh7 19. Bxf8 Qxf8 20. Ng5+ Kh8 21.
Nxf7+ Kg7 22. Ng5 Nd5 23. Ne6+ 1-0

[Event "C.to Cittadino La Lupa"]
[Site "Roma ITA"]
[Date "2011.05.05"]
[Round "1"]
[White "Tosi, Francesco"]
[Black "Zarfati, Daniele"]
[Result "1-0"]
[WhiteElo "1889"]
[BlackElo "1600"]
[PlyCount "63"]
[EventDate "2011.05.05"]

1. Nf3 f5 2. c4 Nf6 3. g3 e6 4. Bg2 Be7 5. O-O O-O 6. b3 d6 7. Bb2 Nc6 8. d4 a5
9. a3 Qe8 10. Nbd2 Qh5 11. Ne1 Nd8 12. Nd3 g5 13. e3 Qg6 14. f3 Nf7 15. Qe2 Bd7
16. e4 Nh6 17. e5 Nh5 18. f4 Bc6 19. d5 Bd7 20. dxe6 Bxe6 21. Bxb7 Rab8 22. Bf3
g4 23. Bd5 Ng7 24. exd6 Bxd5 25. dxe7 Rf7 26. cxd5 Re8 27. Rfe1 Qd6 28. Bxg7
Rxg7 29. Qe6+ Kh8 30. Qxd6 cxd6 31. Re6 Ng8 32. Rae1 1-0

[Event "C.to Cittadino La Lupa"]
[Site "Roma ITA"]
[Date "2011.05.05"]
[Round "1"]
[White "Tulli, Cesare"]
[Black "Condemi De Felice, Alfonso"]
[Result "1/2-1/2"]
[WhiteElo "1476"]
[BlackElo "1883"]
[PlyCount "66"]
[EventDate "2011.05.05"]

1. d4 g6 2. c4 Bg7 3. Nf3 d6 4. Bf4 Nf6 5. h3 O-O 6. e3 Nfd7 7. Nc3 c6 8. Be2
e5 9. dxe5 dxe5 10. Bg3 Qe7 11. O-O Na6 12. a3 Nc7 13. Qc2 a5 14. Rad1 f5 15.
Rd2 Ne6 16. Rfd1 f4 17. exf4 exf4 18. Bh2 Ne5 19. Ne4 Nxf3+ 20. Bxf3 Ng5 21.
Nxg5 Qxg5 22. Kh1 Be6 23. Rd6 Rae8 24. b4 axb4 25. axb4 Be5 26. R6d2 Qf6 27. b5
cxb5 28. cxb5 h6 29. Bd5 Kg7 30. Bxe6 Qxe6 31. f3 Rf7 32. Bg1 Rc7 33. Qa4 Ree7
1/2-1/2

[Event "C.to Cittadino La Lupa"]
[Site "Roma ITA"]
[Date "2011.05.05"]
[Round "1"]
[White "Vannelli, Vittorio"]
[Black "Sinibaldi, Francesco"]
[Result "1-0"]
[WhiteElo "1798"]
[BlackElo "1404"]
[PlyCount "50"]
[EventDate "2011.05.05"]

1. c4 g6 2. Nc3 Bg7 3. g3 d6 4. Bg2 Nd7 5. d4 e5 6. Nf3 Ne7 7. O-O O-O 8. e4
Kh8 9. Be3 a6 10. Qd2 Ng8 11. dxe5 Nxe5 12. Nxe5 Bxe5 13. f4 Bg7 14. Bd4 Bd7
15. Bxg7+ Kxg7 16. Qd4+ f6 17. Rad1 Rb8 18. e5 b5 19. exd6 bxc4 20. dxc7 Qxc7
21. Qxd7+ Qxd7 22. Rxd7+ Rf7 23. Rxf7+ Kxf7 24. Bd5+ Kg7 25. Re1 Rxb2 1-0

[Event "C.to Cittadino La Lupa"]
[Site "Roma ITA"]
[Date "2011.05.12"]
[Round "2"]
[White "Andreozzi, Paolo"]
[Black "Tosi, Francesco"]
[Result "0-1"]
[WhiteElo "1713"]
[BlackElo "1889"]
[PlyCount "52"]
[EventDate "2011.05.05"]

1. d4 Nf6 2. c4 g6 3. Nf3 Bg7 4. g3 O-O 5. Bg2 d5 6. Nc3 c6 7. O-O dxc4 8. a4
Nbd7 9. Bg5 h6 10. Bd2 e5 11. dxe5 Ng4 12. Qc1 Kh7 13. e6 Nc5 14. exf7 Nb3 15.
Qc2 Nxa1 16. Rxa1 Bf5 17. e4 Be6 18. Bf4 Qd3 19. Qc1 Rxf7 20. h3 Nxf2 21. Kxf2
g5 22. Be3 g4 23. hxg4 Bxg4 24. Ne2 Rd8 25. Nf4 Qb3 26. Nd2 Qxe3+ 0-1

[Event "C.to Cittadino La Lupa"]
[Site "Roma ITA"]
[Date "2011.05.12"]
[Round "2"]
[White "Battistelli, Alessandro"]
[Black "Palocci, Claudio"]
[Result "1-0"]
[WhiteElo "1896"]
[BlackElo "1637"]
[PlyCount "87"]
[EventDate "2011.05.05"]

1. e4 c5 2. Nf3 e6 3. d4 cxd4 4. Nxd4 a6 5. Be2 Qc7 6. Be3 Nf6 7. f3 d6 8. Nc3
Be7 9. Qd2 O-O 10. O-O-O b5 11. g4 Bb7 12. g5 Nfd7 13. h4 Nc6 14. h5 b4 15. Na4
Nxd4 16. Qxd4 Rac8 17. Rd2 Qa5 18. b3 Nc5 19. Nxc5 Qxc5 20. Qxc5 Rxc5 21. Bxc5
Bxg5 22. Bxb4 Rd8 23. Kd1 Bxd2 24. Kxd2 d5 25. Ke3 dxe4 26. fxe4 f5 27. Rd1
Rxd1 28. Bxd1 Bxe4 29. c4 g5 30. hxg6 hxg6 31. Kf4 Kf7 32. Kg5 e5 33. Bc3 Ke6
34. Kxg6 f4+ 35. Kg5 f3 36. Be1 Bc6 37. Kg4 e4 38. Kf4 Kf6 39. Bc2 e3 40. Bc3+
Ke6 41. Kxe3 Kd6 42. Bd1 Kc5 43. Bxf3 Bxf3 44. Kxf3 1-0

[Event "C.to Cittadino La Lupa"]
[Site "Roma ITA"]
[Date "2011.05.12"]
[Round "2"]
[White "Capparelli, Stefano"]
[Black "Romano, Marco Motraz"]
[Result "1/2-1/2"]
[WhiteElo "1614"]
[BlackElo "1861"]
[PlyCount "81"]
[EventDate "2011.05.05"]

1. e4 e5 2. Nf3 Nc6 3. Bc4 Nf6 4. Ng5 d5 5. exd5 Na5 6. Bb5+ c6 7. dxc6 bxc6 8.
Be2 Bc5 9. c3 Nb7 10. O-O O-O 11. d3 Bf5 12. Be3 Qb6 13. Bxc5 Nxc5 14. b4 Nxd3
15. Nf3 Rad8 16. Qb3 Ng4 17. c4 Nf4 18. Nc3 Nxe2+ 19. Nxe2 Bd3 20. c5 Qa6 21.
Ng3 e4 22. Ng5 Bxf1 23. Rxf1 Rd3 24. Qb1 f5 25. a3 Ne5 26. Ne6 Rf6 27. Nf4 Rc3
28. Nge2 Rxa3 29. Nh5 Rf8 30. Qb2 Re8 31. Nef4 Ra2 32. Qb3+ Qc4 33. Qg3 Qf7 34.
Qc3 g6 35. Ng3 g5 36. Nfe2 Qc4 37. Qxc4+ Nxc4 38. Nd4 f4 39. Ngf5 e3 40. fxe3
fxe3 41. Nxc6 1/2-1/2

[Event "C.to Cittadino La Lupa"]
[Site "Roma ITA"]
[Date "2011.05.12"]
[Round "2"]
[White "Castellano, Lorenzo"]
[Black "Tulli, Cesare"]
[Result "1/2-1/2"]
[WhiteElo "1871"]
[BlackElo "1476"]
[PlyCount "64"]
[EventDate "2011.05.05"]

1. e4 e5 2. Nf3 Nc6 3. d4 exd4 4. Nxd4 Nxd4 5. Qxd4 d6 6. Nc3 Nf6 7. Bg5 Be7 8.
O-O-O O-O 9. f3 Be6 10. Bc4 Nd7 11. Bxe7 Qxe7 12. Kb1 Nb6 13. Bxe6 Qxe6 14.
Rhe1 a6 15. e5 dxe5 16. Rxe5 Qh6 17. Rde1 Qxh2 18. Qg4 Qh6 19. Rh5 Rfe8 20.
Reh1 Qe6 21. Qg3 f5 22. Rxh7 Re7 23. a3 Rae8 24. Qh4 Qg6 25. g4 fxg4 26. Rh8+
Kf7 27. fxg4 Rxh8 28. Rf1+ Ke8 29. Qxh8+ Kd7 30. Rd1+ Ke6 31. Qg8+ Qf7 32. Re1+
Kd7 1/2-1/2

[Event "C.to Cittadino La Lupa"]
[Site "Roma ITA"]
[Date "2011.05.12"]
[Round "2"]
[White "Condemi De Felice, Alfonso"]
[Black "Marelli, Emanuele"]
[Result "1-0"]
[WhiteElo "1883"]
[BlackElo "1610"]
[PlyCount "111"]
[EventDate "2011.05.05"]

1. d4 d5 2. Nf3 Nf6 3. e3 g6 4. Bd3 Bg7 5. O-O O-O 6. Nbd2 Nc6 7. c3 a6 8. e4
dxe4 9. Nxe4 Nxe4 10. Bxe4 e6 11. Bf4 Rb8 12. Qc2 Ne7 13. Rad1 f5 14. Bd3 Nd5
15. Bg5 Qd6 16. Qd2 f4 17. c4 Ne7 18. c5 Qd7 19. Bxe7 Qxe7 20. Rfe1 b5 21. b4
Bb7 22. Be4 Qd7 23. Bxb7 Rxb7 24. Ng5 Rf6 25. Qe2 Rb8 26. Nxe6 Re8 27. d5 c6
28. dxc6 Qxc6 29. Rd6 Qc8 30. Qe4 h6 31. Qd5 Rf5 32. Nxg7+ Kxg7 33. Rd7+ Kf6
34. Rf7+ Kg5 35. Rxf5+ gxf5 36. Rxe8 Qxe8 37. Kf1 Kf6 38. c6 Qe6 39. Qxe6+ Kxe6
40. Ke2 Kd6 41. Kf3 Kxc6 42. Kxf4 Kd5 43. Kxf5 Kc4 44. f4 Kxb4 45. Ke6 Ka3 46.
f5 Kxa2 47. f6 b4 48. f7 b3 49. f8=Q b2 50. Qf2 Ka1 51. Qd4 Ka2 52. Qa4+ Kb1
53. Qxa6 Kc1 54. Qa3 Kc2 55. Qxb2+ Kxb2 56. Kf5 1-0

[Event "C.to Cittadino La Lupa"]
[Site "Roma ITA"]
[Date "2011.05.12"]
[Round "2"]
[White "Milani, Patrizia"]
[Black "Piperno, Renato"]
[Result "0-1"]
[WhiteElo "1452"]
[BlackElo "1374"]
[PlyCount "87"]
[EventDate "2011.05.05"]

1. e4 c5 2. Nc3 Nc6 3. Nf3 d6 4. Be2 Nf6 5. d3 e6 6. O-O Be7 7. Re1 O-O 8. d4
cxd4 9. Nxd4 Bd7 10. Bf3 e5 11. Nde2 Be6 12. a3 a6 13. Ng3 Nd4 14. Be3 Nc6 15.
Re2 Qc7 16. Rd2 Rad8 17. Nh5 Nxh5 18. Bxh5 b5 19. Qf3 Na5 20. Nd5 Qb7 21. b3
Nc6 22. Qg3 g6 23. Bh6 Rfe8 24. Bd1 Bxd5 25. exd5 Nd4 26. c3 Nf5 27. Qh3 Qc7
28. Rc2 Bf6 29. Bc1 Qb7 30. g4 Ne7 31. c4 bxc4 32. bxc4 Qd7 33. Qf3 Bg7 34. h4
e4 35. Qe3 Bxa1 36. h5 gxh5 37. Qxe4 Ng6 38. Qd3 hxg4 39. Bxg4 Re1+ 40. Kh2
Be5+ 41. Kg2 Nf4+ 42. Bxf4 Bxf4 43. c5 dxc5 44. Rxc5 0-1

[Event "C.to Cittadino La Lupa"]
[Site "Roma ITA"]
[Date "2011.05.12"]
[Round "2"]
[White "Pompa, Alessandro"]
[Black "Mastrantonio, Giuseppe"]
[Result "1-0"]
[WhiteElo "2084"]
[BlackElo "1705"]
[PlyCount "65"]
[EventDate "2011.05.05"]

1. d4 d5 2. c4 c6 3. Nf3 Nf6 4. Nc3 Bf5 5. Qb3 Qb6 6. Bf4 Qxb3 7. axb3 Nbd7 8.
cxd5 Nxd5 9. Nxd5 cxd5 10. e3 e6 11. Bb5 Bb4+ 12. Ke2 Bg4 13. Rhc1 e5 14. dxe5
O-O 15. Rc7 Nc5 16. h3 Bxf3+ 17. Kxf3 a6 18. Be2 Rac8 19. Rxc8 Rxc8 20. Rd1
Nxb3 21. Rxd5 h6 22. Bd3 g5 23. Bg3 Nd2+ 24. Kg4 Kg7 25. Rd7 b5 26. e6 Rf8 27.
Kh5 Kf6 28. exf7 Nc4 29. Bxc4 bxc4 30. Rc7 a5 31. Rxc4 Rxf7 32. Rc6+ Kf5 33. f3
1-0

[Event "C.to Cittadino La Lupa"]
[Site "Roma ITA"]
[Date "2011.05.12"]
[Round "2"]
[White "Prudenzano, Ruggero"]
[Black "Casella, Carlo"]
[Result "1-0"]
[WhiteElo "1928"]
[BlackElo "1704"]
[PlyCount "41"]
[EventDate "2011.05.05"]

1. Nf3 d5 2. c4 Nf6 3. cxd5 Nxd5 4. e4 Nb6 5. d4 e6 6. Nc3 Nc6 7. Be2 Bd7 8.
O-O a6 9. Be3 Be7 10. d5 exd5 11. exd5 Na7 12. Bxb6 cxb6 13. d6 Bf6 14. Nd5 O-O
15. Re1 Rc8 16. Bd3 Rc6 17. Ne7+ Kh8 18. Nxc6 Nxc6 19. a3 Bg4 20. Qe2 Qxd6 21.
Qe4 1-0

[Event "C.to Cittadino La Lupa"]
[Site "Roma ITA"]
[Date "2011.05.12"]
[Round "2"]
[White "Quimi, Marco"]
[Black "Vannelli, Vittorio"]
[Result "1-0"]
[WhiteElo "2160"]
[BlackElo "1798"]
[PlyCount "65"]
[EventDate "2011.05.05"]

1. d4 Nf6 2. Nf3 b6 3. Bf4 Bb7 4. Nbd2 e6 5. e3 c5 6. Bd3 cxd4 7. exd4 Nc6 8.
O-O Be7 9. Re1 O-O 10. h3 d6 11. c3 Re8 12. Qe2 Bf8 13. Rad1 g6 14. Ba6 Bxa6
15. Qxa6 Rb8 16. Bg5 h6 17. d5 hxg5 18. dxc6 Qc7 19. Nxg5 Bg7 20. a4 d5 21.
Ndf3 Nh5 22. Nd4 e5 23. Nb5 Qxc6 24. Nxa7 Qa8 25. a5 bxa5 26. Qxa5 d4 27. cxd4
Rxb2 28. dxe5 Nf4 29. Re4 Bxe5 30. Qa4 Rc2 31. Qd7 Rf8 32. Nc6 Rxc6 33. Rxe5
1-0

[Event "C.to Cittadino La Lupa"]
[Site "Roma ITA"]
[Date "2011.05.12"]
[Round "2"]
[White "Russo, Roberto"]
[Black "Di Carlo, Adriano"]
[Result "1-0"]
[WhiteElo "1858"]
[BlackElo "1713"]
[PlyCount "63"]
[EventDate "2011.05.05"]

1. e4 c6 2. Nc3 d5 3. Qf3 dxe4 4. Nxe4 Nd7 5. d4 Ndf6 6. Bd3 Nxe4 7. Bxe4 Nf6
8. Be3 Bg4 9. Qg3 Qa5+ 10. c3 Nxe4 11. Qxg4 Nf6 12. Qe2 e6 13. Nf3 Bd6 14. a4
Qh5 15. Rd1 O-O 16. Qc2 Ng4 17. h3 Nxe3 18. fxe3 Bg3+ 19. Kd2 Rad8 20. Kc1 Qa5
21. b4 Qc7 22. Ng5 f5 23. Nxe6 Qd6 24. Nxd8 Rxd8 25. Rhf1 a5 26. Rxf5 axb4 27.
Qb3+ Kh8 28. Qxb4 c5 29. Qxc5 Qxc5 30. Rxc5 Bd6 31. Rb5 Re8 32. Kd2 1-0

[Event "C.to Cittadino La Lupa"]
[Site "Roma ITA"]
[Date "2011.05.12"]
[Round "2"]
[White "Sacco, Davide"]
[Black "Ricci, Stefano"]
[Result "0-1"]
[WhiteElo "1624"]
[BlackElo "1873"]
[PlyCount "68"]
[EventDate "2011.05.05"]

1. d4 d5 2. c4 c6 3. Nf3 e6 4. Nc3 Nf6 5. e3 Nbd7 6. Qc2 Bd6 7. g4 Nxg4 8. Rg1
Nxh2 9. Nxh2 Bxh2 10. Rxg7 Nf8 11. Rg2 Bc7 12. Bd2 dxc4 13. Bxc4 e5 14. dxe5
Qh4 15. Ne2 Bxe5 16. O-O-O Bd7 17. f4 Bf6 18. Qb3 O-O-O 19. Bc3 Bxc3 20. Qxc3
Ng6 21. Bxf7 Bg4 22. Rxd8+ Rxd8 23. Bc4 Bf3 24. Rg1 Qf2 25. Re1 Be4 26. Nd4
Nxf4 27. Rf1 Nd3+ 28. Bxd3 Qxe3+ 29. Kc2 Rxd4 30. Rd1 Bxd3+ 31. Rxd3 Qxd3+ 32.
Qxd3 Rxd3 33. Kxd3 Kc7 34. Ke4 Kd6 0-1

[Event "C.to Cittadino La Lupa"]
[Site "Roma ITA"]
[Date "2011.05.12"]
[Round "2"]
[White "Sinibaldi, Francesco"]
[Black "Crucioli, Marco"]
[Result "0-1"]
[WhiteElo "1404"]
[BlackElo "1616"]
[PlyCount "69"]
[EventDate "2011.05.05"]

1. c4 e5 2. Nc3 d6 3. g3 c6 4. Bg2 Be7 5. e3 Nf6 6. e4 O-O 7. Nge2 Na6 8. a3
Bg4 9. b4 h6 10. h3 Bh5 11. O-O Nc7 12. d3 a5 13. Rb1 axb4 14. axb4 Ne6 15. Qe1
Qd7 16. Kh2 Ng5 17. f4 exf4 18. Nxf4 Ne6 19. Nce2 Bxe2 20. Qxe2 Ra4 21. Bd2
Rfa8 22. Bc3 Ra2 23. Rb2 R2a3 24. Qd2 Nxf4 25. Rxf4 Nh5 26. Rf3 Bg5 27. Qe1 Bf6
28. d4 Bd8 29. e5 dxe5 30. dxe5 g6 31. Rd2 Qe8 32. Rdf2 Ra2 33. Rxf7 Rxf2 34.
Qxf2 Qxf7 35. Bd5 0-1

[Event "C.to Cittadino La Lupa"]
[Site "Roma ITA"]
[Date "2011.05.12"]
[Round "2"]
[White "Tamburrini, Andrea"]
[Black "Dorascenzi, Angelo"]
[Result "1/2-1/2"]
[WhiteElo "1472"]
[BlackElo "1395"]
[PlyCount "47"]
[EventDate "2011.05.05"]

1. c4 e5 2. Nc3 Nc6 3. Nf3 Bc5 4. e3 Nf6 5. d4 exd4 6. exd4 Bb4 7. a3 Bxc3+ 8.
bxc3 d6 9. h3 b6 10. Bd3 O-O 11. O-O d5 12. c5 Re8 13. Bf4 Bb7 14. Qc2 h6 15.
Rfe1 Nd7 16. Ne5 bxc5 17. Nxf7 Kxf7 18. Bg6+ Kf8 19. Rxe8+ Qxe8 20. Bxe8 Rxe8
21. Qf5+ Nf6 22. Bxc7 Nxd4 23. Bd6+ Kg8 24. Qg6 1/2-1/2

[Event "C.to Cittadino La Lupa"]
[Site "Roma ITA"]
[Date "2011.05.12"]
[Round "2"]
[White "Zarfati, Daniele"]
[Black "Arceri, Paolo"]
[Result "1-0"]
[WhiteElo "1600"]
[BlackElo "1470"]
[PlyCount "71"]
[EventDate "2011.05.05"]

1. c4 Nf6 2. Nc3 e6 3. g3 c6 4. d4 d5 5. c5 Be7 6. Nf3 O-O 7. Qa4 Nbd7 8. b4 b5
9. Qb3 a5 10. a4 axb4 11. Qxb4 Nb6 12. Ne5 Bb7 13. Bg2 Nfd7 14. f4 Nxe5 15.
fxe5 Nc4 16. O-O Qa5 17. Qxa5 Rxa5 18. e4 Rfa8 19. Rb1 Ba6 20. axb5 cxb5 21.
exd5 Rb8 22. d6 Bd8 23. c6 Bb6 24. Rf4 Nxe5 25. c7 Rf8 26. Bf1 Nc6 27. Nxb5 e5
28. Rf3 Nxd4 29. Nxd4 Bxd4+ 30. Be3 Bxf1 31. Bxd4 Bb5 32. Bb6 Bc6 33. Rc3 Rb5
34. Rxb5 Bd7 35. Rxe5 Rc8 36. Re7 1-0

[Event "C.to Cittadino La Lupa"]
[Site "Roma ITA"]
[Date "2011.05.16"]
[Round "3"]
[White "Arceri, Paolo"]
[Black "Tamburrini, Andrea"]
[Result "1-0"]
[WhiteElo "1470"]
[BlackElo "1472"]
[PlyCount "109"]
[EventDate "2011.05.05"]

1. e4 c5 2. Nf3 Nc6 3. c3 e6 4. d4 d5 5. e5 c4 6. Bg5 Be7 7. h4 h6 8. Bf4 Bd7
9. Qc2 Qb6 10. Nbd2 O-O-O 11. g4 f6 12. O-O-O fxe5 13. Nxe5 Nxe5 14. Bxe5 Bf6
15. f4 Ne7 16. Be2 Bxe5 17. fxe5 Qa5 18. Qb1 b5 19. a3 Qb6 20. Rdf1 Rdf8 21.
Nf3 a5 22. h5 b4 23. axb4 axb4 24. Kd2 b3 25. Rfg1 Kc7 26. g5 Nf5 27. gxh6 gxh6
28. Nh4 Nxh4 29. Rxh4 Ra8 30. Qg6 Ra2 31. Rb1 Qa5 32. Rhh1 Qa3 33. Kc1 Qa6 34.
Bg4 Ra8 35. Rf1 Ra1 36. Kd2 Rxb1 37. Rxb1 Qc8 38. Qxh6 Qg8 39. Qg6 Rf8 40. Qxg8
Rxg8 41. Be2 Rg2 42. Rh1 Rg8 43. h6 Be8 44. h7 Rh8 45. Rh6 Kd7 46. Bg4 Bf7 47.
Ke3 Ke7 48. Kf4 Kf8 49. Kg5 Kg7 50. Bxe6 Bxe6 51. Rxe6 Kf7 52. Rf6+ Kg7 53. e6
Re8 54. Rf7+ Kh8 55. e7 1-0

[Event "C.to Cittadino La Lupa"]
[Site "Roma ITA"]
[Date "2011.05.16"]
[Round "3"]
[White "Capparelli, Stefano"]
[Black "Battistelli, Alessandro"]
[Result "0-1"]
[WhiteElo "1614"]
[BlackElo "1896"]
[PlyCount "148"]
[EventDate "2011.05.05"]

1. e4 e6 2. d4 d5 3. exd5 exd5 4. Nf3 Bd6 5. Nc3 c6 6. Be2 Ne7 7. O-O O-O 8.
Bg5 f6 9. Be3 Re8 10. Bd3 Bf5 11. Re1 Nd7 12. Qd2 Qc7 13. Ne2 Nf8 14. Bf4 Nfg6
15. Bxd6 Qxd6 16. Ng3 Bxd3 17. Qxd3 Nf4 18. Qd2 Neg6 19. Rxe8+ Rxe8 20. Re1 Re6
21. Rxe6 Qxe6 22. Qe1 Kf7 23. Kf1 Qd6 24. c3 b6 25. Nf5 Qd7 26. N5h4 Qe7 27.
Qxe7+ Nxe7 28. Ne1 c5 29. g3 Ne6 30. Nhf3 cxd4 31. cxd4 g5 32. Nc2 Nc6 33. Ne3
Nc7 34. Nf5 Ne6 35. Ne3 Nc7 36. Nf5 h5 37. h3 Kg6 38. Ne3 Ne7 39. Ke2 Nf5 40.
Nxf5 Kxf5 41. Ke3 Ne8 42. Ne1 Nd6 43. b3 Ne4 44. Nd3 a5 45. b4 a4 46. Nb2 b5
47. Nd1 Nd6 48. Nc3 Ke6 49. Kd3 f5 50. f3 g4 51. hxg4 f4 52. Ne2 fxg3 53. Nxg3
h4 54. Nf1 h3 55. Nh2 Nc8 56. f4 Ne7 57. Ke3 Nc6 58. a3 Nxb4 59. f5+ Kf6 60.
Kf4 Nd3+ 61. Ke3 Ne1 62. Kd2 Ng2 63. Kc3 Kg5 64. Kb4 Ne3 65. Kxb5 Nxg4 66. Nf1
Kxf5 67. Kxa4 Ke4 68. Kb5 Ne3 69. Nh2 Kxd4 70. a4 Nc4 71. Nf3+ Kc3 72. Kc5 Nd2
73. Nh2 d4 74. a5 Nb3+ 0-1